000
00330nam a22001337a 4500
008
171016b xxu||||| |||| 00| 0 eng d
020
_a
9780619216412
041
_a
eng
080
_a
331.101.262
100
_a
52
101
_a
BNJ
245
_a
CUSTOMER SERVICE SKILLS FOR THE HELP DESK PROFESSIONAL
_c
KNAPP, D
942
_2
udc
_c
BK
999
_c
34213
_d
34213